[Event "ESP-ch U12"]
[Site "Granada"]
[Date "2016.07.07"]
[Round "6"]
[White "Bulygin, Grigory"]
[Black "Reguillaga Elias, Manex"]
[Result "1/2-1/2"]
[WhiteElo "1404"]
[BlackElo "1691"]
[PlyCount "80"]
[EventDate "2016.07.04"]
[EventType "swiss"]
[EventRounds "9"]
[EventCountry "ESP"]
[SourceTitle "EXT 2024"]
[Source "ChessBase"]
[SourceDate "2023.10.10"]
[SourceVersion "1"]
[SourceVersionDate "2023.10.10"]
[SourceQuality "1"]

1. e4 e6 2. d4 d5 3. e5 c5 4. c3 Qb6 5. Nf3 Nc6 6. Be2 cxd4 7. cxd4 Bb4+ 8. Nc3 Nh6 9. Bxh6 gxh6 10. a3 Be7 11. b4 Qc7 12. Rc1 a6 13. Qa4 Bd7 14. b5 Na7 15. 0-0 Qd8 16. Qb3 axb5 17. Bxb5 Nxb5 18. Nxb5 Bxb5 19. Qxb5+ Qd7 20. Rb1 Qxb5 21. Rxb5 0-0 22. Rxb7 Bxa3 23. g3 Rfb8 24. Rfb1 Rxb7 25. Rxb7 Bc1 26. Rb1 Ra3 27. Rxc1 Rxf3 28. Rd1 Rc3 29. Kg2 Kg7 30. h4 Kg6 31. g4 h5 32. f3 hxg4 33. fxg4 h5 34. gxh5+ Kxh5 35. Rf1 Kxh4 36. Rxf7 Rd3 37. Rf6 Rxd4 38. Rxe6 Rd2+ 39. Kf1 Rd1+ 40. Ke2 Kg5 1/2-1/2

[Event "ESP-ch U12"]
[Site "Granada"]
[Date "2016.07.06"]
[Round "4"]
[White "Bulygin, Grigory"]
[Black "Hernandez Guerra, Luna Yue"]
[Result "0-1"]
[WhiteElo "1404"]
[BlackElo "1569"]
[PlyCount "100"]
[EventDate "2016.07.04"]
[EventType "swiss"]
[EventRounds "9"]
[EventCountry "ESP"]
[SourceTitle "EXT 2024"]
[Source "ChessBase"]
[SourceDate "2023.10.10"]
[SourceVersion "1"]
[SourceVersionDate "2023.10.10"]
[SourceQuality "1"]

1. e4 c5 2. Nf3 e6 3. d4 d5 4. exd5 exd5 5. Nc3 Nc6 6. dxc5 Nf6 7. Bf4 a6 8. Bd3 Bxc5 9. Qe2+ Qe7 10. Qxe7+ Bxe7 11. 0-0-0 0-0 12. h3 Bc5 13. Bg5 Nb4 14. Bxf6 Nxd3+ 15. Rxd3 gxf6 16. Nxd5 Kg7 17. Ne3 Be6 18. a3 Rfd8 19. Rhd1 Rxd3 20. Rxd3 Rc8 21. c3 Re8 22. Nd4 Kg6 23. Nxe6 fxe6 24. b4 Bf8 25. Rd7 Re7 26. Rxe7 Bxe7 27. Kb2 f5 28. c4 b6 29. Kc3 h5 30. a4 f4 31. Nc2 Kf5 32. Nd4+ Kf6 33. Nc6 Bd6 34. b5 a5 35. Kd4 Kf5 36. Na7 Bc5+ 37. Kd3 Bxf2 38. Nc8 Bc5 39. Ke2 Ke4 40. Na7 Kd4 41. Kf3 Bd6 42. Nc8 Bc7 43. Nxb6 Bxb6 44. Kxf4 Kxc4 45. g4 hxg4 46. hxg4 Kb4 47. Ke5 Kxa4 48. g5 Kxb5 49. g6 Kc4 50. Kxe6 Bd4 0-1

[Event "Foment Martinenc op-C 18th"]
[Site "Barcelona"]
[Date "2016.05.28"]
[Round "6"]
[White "Gendre Diez, Virginia"]
[Black "Bulygin, Grigory"]
[Result "0-1"]
[WhiteElo "1499"]
[BlackElo "1750"]
[PlyCount "54"]
[EventDate "2016.04.23"]
[EventType "swiss"]
[EventRounds "9"]
[EventCountry "ESP"]
[SourceTitle "EXT 2017"]
[Source "ChessBase"]
[SourceDate "2016.10.25"]
[SourceVersion "1"]
[SourceVersionDate "2016.10.25"]
[SourceQuality "1"]

1. d4 d5 2. e3 Nf6 3. Bd3 c5 4. b3 Nc6 5. Nf3 Bg4 6. Nbd2 cxd4 7. exd4 Nxd4 8. h3 Bxf3 9. Nxf3 Nxf3+ 10. Qxf3 e6 11. Bd2 Bd6 12. Bf4 Bxf4 13. Qxf4 Rc8 14. Rc1 Qc7 15. Qxc7 Rxc7 16. 0-0 0-0 17. Rfe1 Rfc8 18. f4 Nd7 19. b4 Rc3 20. Bb5 Nb6 21. a4 a6 22. a5 Nc4 23. Ba4 Nb2 24. Bb3 Nd3 25. cxd3 Rxc1 26. Rxc1 Rxc1+ 27. Kf2 Rc3 0-1

[Event "Foment Martinenc op-C 18th"]
[Site "Barcelona"]
[Date "2016.05.21"]
[Round "5"]
[White "Bulygin, Grigory"]
[Black "Negreira Rodriguez, Daniel"]
[Result "0-1"]
[WhiteElo "1750"]
[BlackElo "1802"]
[PlyCount "72"]
[EventDate "2016.04.23"]
[EventType "swiss"]
[EventRounds "9"]
[EventCountry "ESP"]
[SourceTitle "EXT 2017"]
[Source "ChessBase"]
[SourceDate "2016.10.25"]
[SourceVersion "1"]
[SourceVersionDate "2016.10.25"]
[SourceQuality "1"]

1. e4 e5 2. Nf3 Nc6 3. d4 exd4 4. Nxd4 Nf6 5. Nc3 Bb4 6. Nxc6 bxc6 7. Bd3 0-0 8. 0-0 d6 9. Bg5 h6 10. Bxf6 Qxf6 11. Qh5 Re8 12. Ne2 Re5 13. Qf3 Qxf3 14. gxf3 Rg5+ 15. Ng3 Bh3 16. Rfd1 Bc5 17. Bf1 Bd7 18. c3 h5 19. h4 Rxg3+ 20. Kh2 Rxf3 21. b4 Bxf2 22. e5 Bg4 23. Rd4 Bxd4 24. cxd4 Rb8 25. exd6 cxd6 26. Bg2 Rf2 27. Kg3 Rd2 28. Bxc6 Rxd4 29. b5 f5 30. Re1 f4+ 31. Kf2 Rd2+ 32. Kf1 f3 33. Re7 a6 34. a4 axb5 35. Bxb5 Rc8 36. Ke1 Rb2 0-1

[Event "Foment Martinenc op-C 17th"]
[Site "Barcelona"]
[Date "2015.05.30"]
[Round "6"]
[White "Bulygin, Grigory"]
[Black "Asatryan, Maria Cristina"]
[Result "1-0"]
[WhiteElo "1731"]
[BlackElo "1675"]
[PlyCount "117"]
[EventDate "2015.04.25"]
[EventType "swiss"]
[EventRounds "9"]
[EventCountry "ESP"]
[SourceTitle "EXT 2017"]
[Source "ChessBase"]
[SourceDate "2016.10.25"]
[SourceVersion "1"]
[SourceVersionDate "2016.10.25"]
[SourceQuality "1"]

1. e4 e5 2. Nf3 Nf6 3. Nc3 Nc6 4. Be2 Bc5 5. Nxe5 Nxe5 6. d4 Bd6 7. dxe5 Bxe5 8. Be3 d6 9. Bd4 Qe7 10. Qd3 Bxd4 11. Qxd4 c5 12. Qd3 Be6 13. 0-0-0 0-0 14. Qxd6 Rae8 15. Qxe7 Rxe7 16. h4 Bg4 17. f3 Bd7 18. g4 Bc6 19. h5 a6 20. g5 Nd7 21. g6 h6 22. gxf7+ Rexf7 23. Bc4 Ne5 24. Bxf7+ Rxf7 25. Rd8+ Kh7 26. Rf1 Bb5 27. Nxb5 axb5 28. f4 Nc6 29. Rd5 Nd4 30. Kd2 g6 31. c3 Ne6 32. f5 gxf5 33. Rdxf5 Rxf5 34. Rxf5 Ng7 35. Rxc5 Ne6 36. Rxb5 Nd8 37. a4 Kg7 38. a5 Kf6 39. e5+ Kf5 40. c4 Ke4 41. e6 Nxe6 42. Rxb7 Nc5 43. Rb5 Kd4 44. b4 Nb3+ 45. Kc2 Kxc4 46. Rb8 Nd4+ 47. Kd1 Nc6 48. a6 Kc3 49. Rc8 Kxb4 50. Rxc6 Kb5 51. a7 Kxc6 52. a8Q+ Kd6 53. Qf8+ Ke6 54. Qxh6+ Kf5 55. Qg6+ Kf4 56. h6 Ke3 57. h7 Kf2 58. h8R Kf1 59. Rf8# 1-0